000 00938nam a2200265Ia 4500
003 OSt
005 20220930091524.0
006 a|||||r|||| 00| 0
007 ta
008 220926b |||||||| |||| 00| 0 eng d
024 _a6426
037 _cTheses
040 _aCRL
_cCRL
_beng
041 _2eng
_aeng
100 _aGandhi Puneet Au.
_9545918
110 _aUniversity of Delhi. Faculty of Medical Sciences. Department of Pharmacology
_9522434
245 0 _astandardization and comparative pharmacological evaluation of polyherbal formulations on lipopolysaccharide induced bronchitis in male balb/c mice
260 _c2012
300 _a258
_ap.
_ccm.
650 _aPHARMACOLOGY
700 _a Dr. B. P. Srinivasan Gu.
_9541620
700 _aUniversity of Delhi. Faculty of Medical Sciences. Department of Pharmacology
_9522436
942 _cDIS
_2CC
999 _c882196
_d882196